Guess the random Taylor Swift Song Lyrics 12 - Statistics

General Stats
  • This quiz has been taken 12 times
  • The average score is 242 of 303
Answer Stats
Answer % Correct
for
100%
I
100%
me
100%
you
100%
You
100%
your
100%
You're
100%
you're
100%
And
92%
and
92%
back
92%
The
92%
the
92%
think
92%
to
92%
were
92%
where
92%
be
83%
better
83%
didn't
83%
feel
83%
I'd
83%
if
83%
If
83%
it
83%
know
83%
Marjorie
83%
my
83%
Never
83%
now
83%
of
83%
so
83%
still
83%
talking
83%
there
83%
would
83%
All
75%
all
75%
around
75%
But
75%
clever
75%
could
75%
forget
75%
from
75%
go
75%
head
75%
how
75%
in
75%
loved
75%
name
75%
should've
75%
Should've
75%
that
75%
them
75%
up
75%
way
75%
What
75%
You'd
75%
alive
67%
always
67%
as
67%
asked
67%
Asked
67%
car
67%
'Cause
67%
complained
67%
dead
67%
died
67%
down
67%
every
67%
grocery
67%
kept
67%
kind
67%
Long
67%
much
67%
our
67%
questions
67%
receipt
67%
ride
67%
signed
67%
singing
67%
stairs
67%
stay
67%
store
67%
such
67%
taken
67%
whole
67%
write
67%
amber
58%
chill
58%
dreams
58%
feet
58%
left
58%
listening
58%
polite
58%
power
58%
skies
58%
touch
58%
wakes
58%
Watched
58%
autumn
50%
backlogged
50%
closets
50%
frozen
50%
limbs
50%
past
50%
scrap
50%
wield
50%
swims
42%
No matching quizzes found
Score Distribution
Percent of People with Each Score
Percentile by Number Answered
Your Score History
You have not taken this quiz